Understanding mobile human-computer interaction (Record no. 48013)

MARC details
000 -LEADER
fixed length control field 01911nam a2200373Ia 4500
001 - CONTROL NUMBER
control field vtls003236021
003 - CONTROL NUMBER IDENTIFIER
control field MY-SjTCS
005 - DATE AND TIME OF LATEST TRANSACTION
control field 20200306164143.0
006 - FIXED-LENGTH DATA ELEMENTS--ADDITIONAL MATERIAL CHARACTERISTICS
fixed length control field m u
007 - PHYSICAL DESCRIPTION FIXED FIELD--GENERAL INFORMATION
fixed length control field cr cn|||||||||
008 - FIXED-LENGTH DATA ELEMENTS--GENERAL INFORMATION
fixed length control field 120815s2005 ne a sb 001 0 eng d
020 ## - INTERNATIONAL STANDARD BOOK NUMBER
Canceled/invalid ISBN 0750663529
020 ## - INTERNATIONAL STANDARD BOOK NUMBER
Canceled/invalid ISBN 0080455808
035 ## - SYSTEM CONTROL NUMBER
System control number (OCoLC)647549401
035 ## - SYSTEM CONTROL NUMBER
System control number (CaPaEBR)ebr10138711
039 #9 - LEVEL OF BIBLIOGRAPHIC CONTROL AND CODING DETAIL [OBSOLETE]
-- 201208151700
-- wilmina
040 ## - CATALOGING SOURCE
Original cataloging agency CaPaEBR
Transcribing agency CaPaEBR
050 14 - LIBRARY OF CONGRESS CALL NUMBER
Classification number QA76.9.H85
Item number L68 2005eb
100 1# - MAIN ENTRY--PERSONAL NAME
Personal name Love, Steve.
9 (RLIN) 246541
245 10 - TITLE STATEMENT
Title Understanding mobile human-computer interaction
Medium [electronic resource] /
Statement of responsibility, etc. Steve Love.
260 ## - PUBLICATION, DISTRIBUTION, ETC.
Place of publication, distribution, etc. Amsterdam :
Name of publisher, distributor, etc. Elsevier Butterworth-Heinemann,
Date of publication, distribution, etc. 2005.
300 ## - PHYSICAL DESCRIPTION
Extent 203 p. :
Other physical details ill.
490 1# - SERIES STATEMENT
Series statement Information systems series / Elsevier Butterworth-Heinemann
504 ## - BIBLIOGRAPHY, ETC. NOTE
Bibliography, etc. note Includes bibliographical references and index.
505 0# - FORMATTED CONTENTS NOTE
Formatted contents note 1. Introduction to mobile human-computer interaction -- 2. User characteristics -- 3. Research methods -- 4. HCI research methods -- 5. Design issues for mobile systems -- 6. Social usability -- 7. Research guidelines for projects -- 8. Data analysis -- 9. Conclusions -- App. Useful HCI resources.
533 ## - REPRODUCTION NOTE
Type of reproduction Electronic reproduction.
Place of reproduction Palo Alto, Calif. :
Agency responsible for reproduction ebrary,
Date of reproduction 2009.
Note about reproduction Available via World Wide Web.
-- Access may be limited to ebrary affiliated libraries.
650 #0 - SUBJECT ADDED ENTRY--TOPICAL TERM
Topical term or geographic name entry element Human-computer interaction
General subdivision Psychological aspects.
9 (RLIN) 246542
650 #0 - SUBJECT ADDED ENTRY--TOPICAL TERM
Topical term or geographic name entry element Mobile computing
General subdivision Psychological aspects.
9 (RLIN) 246543
650 #0 - SUBJECT ADDED ENTRY--TOPICAL TERM
Topical term or geographic name entry element User interfaces (Computer systems)
General subdivision Psychological aspects.
9 (RLIN) 246544
655 #7 - INDEX TERM--GENRE/FORM
Genre/form data or focus term Electronic books.
Source of term local
9 (RLIN) 201578
710 2# - ADDED ENTRY--CORPORATE NAME
Corporate name or jurisdiction name as entry element ebrary, Inc.
9 (RLIN) 25628
830 #0 - SERIES ADDED ENTRY--UNIFORM TITLE
Uniform title Information systems series (Elsevier Butterworth-Heinemann)
9 (RLIN) 246545
856 40 - ELECTRONIC LOCATION AND ACCESS
Uniform Resource Identifier https://ezproxy.taylors.edu.my/login?url=http://site.ebrary.com/lib/taylorscollege/Doc?id=10138711
Public note An electronic book accessible through the World Wide Web; click to view
Holdings
Withdrawn status Lost status Damaged status Not for loan Home library Current library Date acquired Total Checkouts Date last seen Price effective from Koha item type
      e-book Taylor's Library-TU Taylor's Library-TU 02/03/2026   02/03/2026 02/03/2026 E-Book